000 00280nam a22001337a 4500
008 180809b xxu||||| |||| 00| 0 eng d
020 _a9780071768016
041 _aeng
080 _a61
100 _a3
101 _aSHM
245 _aNeonatology
_cGomella.T.L
942 _2udc
_cBK
999 _c46979
_d46979